000 00653nam a2200217Ii 4500
003 JO-AjNU
008 230606s9999||||xx |||||||||||||| ||und||
020 _a978-0-367-75346-7
040 _aJO-AjNU
_beng
_erda
_cJO-AjNU
041 _aeng
050 1 4 _aKZ1242.M35.2022
100 3 _aOrakhelashvili, Alexander ,
_eauthor
_96871
245 0 0 _aAkehurst,s Modern Introduction To International Law
250 _a9th ed
264 3 1 _aNew York: Routledge, 2022
300 _a643p
336 _atext
_btxt
_2rdacontent
337 _aunmediated
_bn
_2rdamedia
338 _avolume
_bnc
_2rdacarrier
650 4 _aAkehurst,s Modern - International Law
_96872
999 _aE3604
_c3560
_d3560